000 00555nam a22001577a 4500
005 20120316153137.0
020 _a8170580099
_c00.00
035 _aA-415701
037 _aDPL
_bENG
245 _aLetters on Yoga /
_cby Sri Aurobindo
250 _aPart four
260 _aPondicherry
_bSri Aurobindo Ashram
_c1988
300 _a1808p.
_c18 cms.
942 _2ddc
_cEN
_h181.432
_mAUR
999 _c64078
_d64078